00720nam a22001935i 450000100060000000300090000600500170001500700030003200800410003504000200007610000510009624500880014726000800023530000220031565100290033785200200036699900170038695201230040353704ES-MaACL20250718184449.0t|960711s1886 sp ||||1| spa d aCAM bspa cCAM1 aFernández Duro, Cesáreo,d1830-190894975213aLa conquista de las Azores en 1583 / cdescrita por ... Cesáreo Fernández Duro. aMadrid : b[s.n.], c1886 (fEst. tipográfico "Sucesores de Rivadeneyra") a525 p. ; c22 cm. 4aAzores-xHistoria.97850 aES-MaACLjC-373 c53704d53704 001040708LIBXIXaATENEOMbATENEOMcSPALd2008-01-17eSCl0oC-373p1056433r2023-02-23 00:00:00w2023-02-23yMONANT